If the world were a village: (Record no. 295003)
[ view plain ]
| 000 -LEADER | |
|---|---|
| fixed length control field | 00914nam a22002297a 4500 |
| 003 - CONTROL NUMBER IDENTIFIER | |
| control field | SISC |
| 005 - DATE AND TIME OF LATEST TRANSACTION | |
| control field | 20160531145759.0 |
| 008 - FIXED-LENGTH DATA ELEMENTS--GENERAL INFORMATION | |
| fixed length control field | 160526b xxu||||| |||| 00| 0 eng d |
| 020 ## - INTERNATIONAL STANDARD BOOK NUMBER | |
| International Standard Book Number | 9781554535958 |
| 050 ## - LIBRARY OF CONGRESS CALL NUMBER | |
| Classification number | GF 891 .Sm642 2011 |
| 100 ## - MAIN ENTRY--PERSONAL NAME | |
| Personal name | Smith, David J. |
| 245 ## - TITLE STATEMENT | |
| Title | If the world were a village: |
| Remainder of title | a book about the world's people / |
| Statement of responsibility, etc | written by David J. Smith; illustrated by Shelagh Armstrong |
| 250 ## - EDITION STATEMENT | |
| Edition statement | 2nd |
| 260 ## - PUBLICATION, DISTRIBUTION, ETC. (IMPRINT) | |
| Place of publication, distribution, etc | Toronto: |
| Name of publisher, distributor, etc | Kids Can Press, |
| Date of publication, distribution, etc | c2011 |
| 300 ## - PHYSICAL DESCRIPTION | |
| Extent | 32 p. : |
| Other physical details | col. ill. ; |
| Dimensions | 31 cm. |
| 520 ## - SUMMARY, ETC. | |
| Summary, etc | Tells us who we are, where we live, how fast we are growing, what languages we speak, what religions we practice and more by imagining the whole world is a village of 100 people. |
| 650 ## - SUBJECT ADDED ENTRY--TOPICAL TERM | |
| Topical term or geographic name as entry element | Population--Juvenile literature |
| 650 ## - SUBJECT ADDED ENTRY--TOPICAL TERM | |
| Topical term or geographic name as entry element | Human geography--Juvenile literature |
| 650 ## - SUBJECT ADDED ENTRY--TOPICAL TERM | |
| Topical term or geographic name as entry element | Population |
| 700 ## - ADDED ENTRY--PERSONAL NAME | |
| Personal name | Armstrong, Shelagh |
| Relator term | illustrator |
| 942 ## - ADDED ENTRY ELEMENTS (KOHA) | |
| Source of classification or shelving scheme | Library of Congress Classification |
| Koha item type | Books |
| Withdrawn status | Lost status | Source of classification or shelving scheme | Damaged status | Home library | Current library | Shelving location | Date acquired | Source of acquisition | Total Checkouts | Total Renewals | Full call number | Barcode | Date last seen | Date checked out | Price effective from | Koha item type |
|---|---|---|---|---|---|---|---|---|---|---|---|---|---|---|---|---|
| Library of Congress Classification | Luxembourg Library | Luxembourg Library | Grade School Section | 05/26/2016 | Library Fund | 2 | 4 | GF 891 .Sm642 2011 | 20176 | 04/10/2017 | 04/10/2017 | 05/26/2016 | Books |